[Event "FWCT 2019"]
[Site "Kazan"]
[Date "2019.06.14"]
[Round "12.2"]
[White "Dzagnidze, Nana"]
[Black "Kosteniuk, Alexandra"]
[Result "1-0"]
[WhiteElo "2510"]
[BlackElo "2546"]
[Annotator "ChessBase"]
[PlyCount "95"]
[EventDate "2019.05.11"]
[EventType "tourn"]
[EventCountry "RUS"]
[SourceTitle "playchess.com"]
[Source "ChessBase"]
[SourceQuality "1"]
[TimeControl "40/5400+30:1800+30"]

1. c4 {[%emt 0:00:00]} Nf6 {[%emt 0:00:00]} 2. Nc3 {[%emt 0:00:00]} c5 {[%emt 0:00:09]} 3. Nf3 {[%emt 0:02:59]} b6 {[%emt 0:00:34]} 4. e4 {[%emt 0:04:32]} d6 {[%emt 0:02:51]} 5. d4 {[%emt 0:05:36]} cxd4 {[%emt 0:00:20]} 6. Nxd4 {[%emt 0:00:03]} Bb7 {[%emt 0:00:14]} 7. f3 {[%emt 0:00:14]} e6 {[%emt 0:00:16]} 8. Be2 {[%emt 0:02:10]} Be7 {[%emt 0:00:14]} 9. O-O {[%emt 0:00:48]} O-O {[%emt 0:00:15]} 10. Be3 {[%emt 0:01:20]} Nbd7 {[%emt 0:00:58]} 11. Qd2 {[%emt 0:03:25]} a6 {[%emt 0:00:27]} 12. Rfd1 {[%emt 0:01:00]} Rc8 {[%emt 0:01:00]} 13. Bf1 {[%emt 0:07:35]} Qc7 {[%emt 0:04:10]} 14. Rac1 {[%emt 0:01:47]} Qb8 {[%emt 0:02:56]} 15. a3 {[%emt 0:03:42]} Kh8 {[%emt 0:17:03]} 16. b4 {[%emt 0:03:17]} Rg8 {[%emt 0:01:02]} 17. Nb3 {[%emt 0:06:40]} Ba8 {[%emt 0:08:57]} 18. Kh1 {[%emt 0:04:24]} Ne5 {[%emt 0:06:17]} 19. Na4 {[%emt 0:00:37]} Nfd7 {[%emt 0:00:37]} 20. Bg5 {[%emt 0:06:20]} Bf8 {[%emt 0:06:35]} 21. Qf2 {[%emt 0:03:34]} Rc6 {[%emt 0:03:30]} 22. Be2 {[%emt 0:03:22]} Qc8 {[%emt 0:03:27]} 23. Nb2 {[%emt 0:06:42]} Ng6 {[%emt 0:07:34]} 24. Be3 {[%emt 0:03:42]} Be7 {[%emt 0:00:26]} 25. a4 {[%emt 0:00:43]} Bf6 {[%emt 0:01:51]} 26. Rb1 {[%emt 0:04:24]} d5 {[%emt 0:04:09]} 27. cxd5 {[%emt 0:06:13]} exd5 {[%emt 0:02:05]} 28. Rxd5 {[%emt 0:00:07]} Rc2 {[%emt 0:07:22]} 29. Rd4 {[%emt 0:08:54]} Bxd4 {[%emt 0:03:36]} 30. Nxd4 {[%emt 0:00:02]} Rc3 {[%emt 0:00:56]} 31. Nf5 {[%emt 0:03:09]} Rc2 {[%emt 0:10:04]} 32. Nc4 {[%emt 0:00:39]} Qc7 {[%emt 0:01:11]} 33. Ncd6 {[%emt 0:01:19]} Rf8 {[%emt 0:02:05]} 34. Qf1 {[%emt 0:01:39]} Rc6 {[%emt 0:02:51]} 35. Rd1 {[%emt 0:00:24]} f6 {[%emt 0:00:18]} 36. Bxa6 {[%emt 0:00:30]} Nde5 {[%emt 0:00:54]} 37. Bb5 {[%emt 0:00:23]} Rc3 {[%emt 0:00:09]} 38. Qg1 {[%emt 0:01:46]} Rb3 {[%emt 0:00:35]} 39. Bxb6 {[%emt 0:00:44]} Qc3 {[%emt 0:00:28]} 40. Bd4 {[%emt 0:00:00]} Qxb4 {[%emt 0:00:00]} 41. Bc5 {[%emt 0:07:38]} Qc3 {[%emt 0:02:39]} 42. Rc1 {[%emt 0:02:34]} Qd2 {[%emt 0:03:58]} 43. Nc4 {[%emt 0:01:56]} Qxc1 {[%emt 0:06:34]} 44. Qxc1 {[%emt 0:00:14]} Nd3 {[%emt 0:00:01]} 45. Qc2 {[%emt 0:00:38]} Nxc5 {[%emt 0:00:19]} 46. Nd2 {[%emt 0:01:06]} Rd8 {[%emt 0:01:04]} 47. Nxb3 {[%emt 0:01:25]} Nxe4 {[%emt 0:00:06]} 48. Nbd4 {[%emt 0:00:53]} 1-0

[Event "FWCT 2019"]
[Site "Kazan"]
[Date "2019.06.14"]
[Round "12.3"]
[White "Tan, Zhongyi"]
[Black "Goryachkina, Aleksandra"]
[Result "1/2-1/2"]
[WhiteElo "2513"]
[BlackElo "2522"]
[Annotator "ChessBase"]
[PlyCount "110"]
[EventDate "2019.05.11"]
[EventType "tourn"]
[EventCountry "RUS"]
[SourceTitle "playchess.com"]
[Source "ChessBase"]
[SourceQuality "1"]
[TimeControl "40/5400+30:1800+30"]

1. e4 {[%emt 0:00:00]} c6 {[%emt 0:00:00]} 2. d4 {[%emt 0:00:00]} d5 {[%emt 0:00:05]} 3. e5 {[%emt 0:00:00]} Bf5 {[%emt 0:00:13]} 4. Nf3 {[%emt 0:00:00]} e6 {[%emt 0:00:14]} 5. Be2 {[%emt 0:00:00]} c5 {[%emt 0:00:34]} 6. Be3 {[%emt 0:00:47]} Qb6 {[%emt 0:01:33]} 7. Nc3 {[%emt 0:00:12]} Nc6 {[%emt 0:00:28]} 8. Na4 {[%emt 0:00:11]} Qa5+ {[%emt 0:00:33]} 9. c3 {[%emt 0:00:05]} cxd4 {[%emt 0:00:39]} 10. Nxd4 {[%emt 0:00:06]} Nxd4 {[%emt 0:01:43]} 11. Bxd4 {[%emt 0:00:07]} Ne7 {[%emt 0:00:53]} 12. O-O {[%emt 0:00:08]} Nc6 {[%emt 0:04:32]} 13. b4 {[%emt 0:00:08]} Qc7 {[%emt 0:03:53]} 14. Rc1 {[%emt 0:00:08]} Be7 {[%emt 0:03:52]} 15. g4 {[%emt 0:02:24]} Bg6 {[%emt 0:06:41]} 16. f4 {[%emt 0:00:34]} Qd7 {[%emt 0:04:20]} 17. Nc5 {[%emt 0:10:15]} Bxc5 {[%emt 0:01:43]} 18. Bxc5 {[%emt 0:00:09]} h5 {[%emt 0:02:55]} 19. g5 {[%emt 0:00:59]} Ne7 {[%emt 0:10:20]} 20. a4 {[%emt 0:01:22]} a6 {[%emt 0:01:56]} 21. a5 {[%emt 0:10:11]} h4 {[%emt 0:03:57]} 22. Bf3 {[%emt 0:03:21]} O-O {[%emt 0:02:25]} 23. Qe1 {[%emt 0:01:14]} Bd3 {[%emt 0:08:06]} 24. Rf2 {[%emt 0:00:17]} Bf5 {[%emt 0:00:48]} 25. Rd2 {[%emt 0:00:26]} h3 {[%emt 0:00:29]} 26. c4 {[%emt 0:01:15]} Rfd8 {[%emt 0:02:11]} 27. Rcd1 {[%emt 0:02:36]} Qe8 {[%emt 0:03:09]} 28. Kf2 {[%emt 0:11:51]} Ng6 {[%emt 0:03:31]} 29. Kg3 {[%emt 0:09:56]} dxc4 {[%emt 0:12:39]} 30. Bxb7 {[%emt 0:00:53]} c3 {[%emt 0:07:30]} 31. Rxd8 {[%emt 0:00:24]} Rxd8 {[%emt 0:00:01]} 32. Rxd8 {[%emt 0:00:22]} Qxd8 {[%emt 0:00:06]} 33. Qxc3 {[%emt 0:00:07]} Qd1 {[%emt 0:00:28]} 34. Bf3 {[%emt 0:01:11]} Qf1 {[%emt 0:00:31]} 35. Qe3 {[%emt 0:01:20]} Qb1 {[%emt 0:05:15]} 36. Qe2 {[%emt 0:01:09]} Qc1 {[%emt 0:01:37]} 37. Be3 {[%emt 0:01:02]} Qb1 {[%emt 0:00:26]} 38. Bc5 {[%emt 0:03:32]} Qc1 {[%emt 0:00:06]} 39. Qe3 {[%emt 0:00:17]} Qb1 {[%emt 0:00:34]} 40. Qd2 {[%emt 0:00:00]} Qf1 {[%emt 0:00:00]} 41. Qf2 {[%emt 0:14:10]} Qc4 {[%emt 0:04:44]} 42. Qe3 {[%emt 0:05:16]} Qf1 {[%emt 0:01:23]} 43. Bd4 {[%emt 0:01:42]} Qb1 {[%emt 0:01:54]} 44. Bc3 {[%emt 0:02:20]} Ne7 {[%emt 0:03:17]} 45. Qd4 {[%emt 0:01:37]} Kh7 {[%emt 0:03:17]} 46. Qd1 {[%emt 0:01:20]} Qa2 {[%emt 0:00:26]} 47. Qd7 {[%emt 0:03:44]} Qb1 {[%emt 0:01:26]} 48. Qd1 {[%emt 0:06:04]} Qa2 {[%emt 0:00:02]} 49. b5 {[%emt 0:10:16]} Nd5 {[%emt 0:04:04]} 50. Qd2 {[%emt 0:14:14]} Qb1 {[%emt 0:01:48]} 51. Bxd5 {[%emt 0:07:20]} exd5 {[%emt 0:02:23]} 52. Kf2 {[%emt 0:00:16]} Qh1 {[%emt 0:03:38]} 53. Ke3 {[%emt 0:00:50]} Qe4+ {[%emt 0:02:28]} 54. Kf2 {[%emt 0:00:06]} Qg2+ {[%emt 0:00:19]} 55. Ke3 {[%emt 0:00:13]} Qe4+ {[%emt 0:00:19] Kxe4} 1/2-1/2

[Event "FWCT 2019"]
[Site "Kazan"]
[Date "2019.06.14"]
[Round "12.4"]
[White "Muzychuk, Anna"]
[Black "Lagno, Kateryna"]
[Result "1-0"]
[WhiteElo "2539"]
[BlackElo "2554"]
[Annotator "ChessBase"]
[PlyCount "89"]
[EventDate "2019.05.11"]
[EventType "tourn"]
[EventCountry "RUS"]
[SourceTitle "playchess.com"]
[Source "ChessBase"]
[SourceQuality "1"]
[TimeControl "40/5400+30:1800+30"]

1. e4 {[%emt 0:00:00]} e5 {[%emt 0:00:00]} 2. Nf3 {[%emt 0:00:00]} Nc6 {[%emt 0:00:00]} 3. Bb5 {[%emt 0:00:00]} f5 {[%emt 0:00:00]} 4. d3 {[%emt 0:06:00]} fxe4 {[%emt 0:00:29]} 5. dxe4 {[%emt 0:00:05]} Nf6 {[%emt 0:00:08]} 6. O-O {[%emt 0:00:40]} d6 {[%emt 0:00:47]} 7. a3 {[%emt 0:04:25]} h6 {[%emt 0:02:31]} 8. Bc4 {[%emt 0:04:05]} g5 {[%emt 0:02:48]} 9. Nc3 {[%emt 0:04:14]} Bg7 {[%emt 0:01:54]} 10. Qd3 {[%emt 0:04:25]} Qe7 {[%emt 0:12:11]} 11. Be3 {[%emt 0:07:44]} Nd8 {[%emt 0:14:35]} 12. Rfe1 {[%emt 0:05:18]} Nf7 {[%emt 0:09:34]} 13. Nd2 {[%emt 0:02:26]} O-O {[%emt 0:07:57]} 14. Nf1 {[%emt 0:01:23]} a6 {[%emt 0:06:05]} 15. Ng3 {[%emt 0:01:40]} Kh8 {[%emt 0:00:07]} 16. Rad1 {[%emt 0:03:10]} Bd7 {[%emt 0:00:25]} 17. Nd5 {[%emt 0:12:03]} Nxd5 {[%emt 0:00:11]} 18. exd5 {[%emt 0:00:08]} Rae8 {[%emt 0:14:03]} 19. Qe4 {[%emt 0:06:19]} Nd8 {[%emt 0:01:50]} 20. Bd3 {[%emt 0:01:16]} Bf6 {[%emt 0:00:04]} 21. Nh5 {[%emt 0:01:58]} c6 {[%emt 0:00:51]} 22. c4 {[%emt 0:04:47]} b5 {[%emt 0:00:25]} 23. b3 {[%emt 0:00:05]} bxc4 {[%emt 0:03:38]} 24. bxc4 {[%emt 0:00:01]} cxd5 {[%emt 0:00:05]} 25. cxd5 {[%emt 0:00:04]} Nb7 {[%emt 0:02:41]} 26. Qg6 {[%emt 0:04:29]} e4 {[%emt 0:01:12]} 27. Nxf6 {[%emt 0:01:40]} Qxf6 {[%emt 0:01:02]} 28. Qxf6+ {[%emt 0:00:11]} Rxf6 {[%emt 0:00:04]} 29. Bd4 {[%emt 0:00:08]} Kg7 {[%emt 0:00:03]} 30. Rxe4 {[%emt 0:00:23]} Rxe4 {[%emt 0:00:06]} 31. Bxe4 {[%emt 0:00:10]} Nc5 {[%emt 0:00:03]} 32. f3 {[%emt 0:02:55]} Kf7 {[%emt 0:00:56]} 33. Bxf6 {[%emt 0:00:10]} Kxf6 {[%emt 0:00:03]} 34. Kf2 {[%emt 0:00:14]} Ba4 {[%emt 0:00:39]} 35. Rd4 {[%emt 0:00:45]} a5 {[%emt 0:00:41]} 36. Ke3 {[%emt 0:00:30]} Bb3 {[%emt 0:00:05]} 37. g3 {[%emt 0:01:03]} Na6 {[%emt 0:00:46]} 38. Rd3 {[%emt 0:01:26]} Nc5 {[%emt 0:01:55]} 39. Rd2 {[%emt 0:00:16]} Nd7 {[%emt 0:01:01]} 40. Kd4 {[%emt 0:00:00]} a4 {[%emt 0:00:00]} 41. Bc2 {[%emt 0:06:57]} Ne5 {[%emt 0:03:53]} 42. Rf2 {[%emt 0:02:38]} Bxc2 {[%emt 0:00:46]} 43. Rxc2 {[%emt 0:00:34]} Nxf3+ {[%emt 0:00:03]} 44. Ke4 {[%emt 0:00:00]} g4 {[%emt 0:00:14]} 45. h4 {[%emt 0:01:52]} 1-0

[Event "FWCT 2019"]
[Site "Kazan"]
[Date "2019.06.16"]
[Round "13.1"]
[White "Gunina, Valentina"]
[Black "Muzychuk, Anna"]
[Result "0-1"]
[WhiteElo "2506"]
[BlackElo "2539"]
[Annotator "ChessBase"]
[PlyCount "134"]
[EventDate "2019.05.11"]
[EventType "tourn"]
[EventCountry "RUS"]
[SourceTitle "playchess.com"]
[Source "ChessBase"]
[SourceQuality "1"]
[TimeControl "40/5400+30:1800+30"]

1. e4 {[%emt 0:00:00]} e5 {[%emt 0:00:00]} 2. Nf3 {[%emt 0:00:00]} Nc6 {[%emt 0:00:00]} 3. Bc4 {[%emt 0:00:00]} Nf6 {[%emt 0:00:00]} 4. Ng5 {[%emt 0:00:40]} d5 {[%emt 0:00:03]} 5. exd5 {[%emt 0:00:06]} Na5 {[%emt 0:00:04]} 6. Bb5+ {[%emt 0:00:05]} c6 {[%emt 0:00:14]} 7. dxc6 {[%emt 0:00:05]} bxc6 {[%emt 0:00:09]} 8. Bd3 {[%emt 0:00:07]} Nd5 {[%emt 0:00:34]} 9. h4 {[%emt 0:00:17]} h6 {[%emt 0:01:29]} 10. Qh5 {[%emt 0:02:19]} Qf6 {[%emt 0:00:57]} 11. Nh7 {[%emt 0:01:20]} Rxh7 {[%emt 0:00:50]} 12. Bxh7 {[%emt 0:00:06]} g6 {[%emt 0:01:08]} 13. Qf3 {[%emt 0:07:45]} Qxf3 {[%emt 0:07:24]} 14. gxf3 {[%emt 0:00:54]} Nf6 {[%emt 0:06:18]} 15. d3 {[%emt 0:06:35]} Nxh7 {[%emt 0:02:25]} 16. Bd2 {[%emt 0:00:11]} Nb7 {[%emt 0:00:11]} 17. Bc3 {[%emt 0:01:54]} Bd6 {[%emt 0:03:56]} 18. Nd2 {[%emt 0:01:48]} Be6 {[%emt 0:02:37]} 19. Ne4 {[%emt 0:04:00]} Bc7 {[%emt 0:04:51]} 20. O-O-O {[%emt 0:01:09]} O-O-O {[%emt 0:05:42]} 21. Rde1 {[%emt 0:03:14]} Bd5 {[%emt 0:04:58]} 22. Nd2 {[%emt 0:05:04]} f6 {[%emt 0:02:54]} 23. Rhg1 {[%emt 0:07:41]} Bf7 {[%emt 0:07:21]} 24. a4 {[%emt 0:12:29]} Nc5 {[%emt 0:04:07]} 25. f4 {[%emt 0:15:43]} exf4 {[%emt 0:05:35]} 26. Re7 {[%emt 0:00:50]} Rd7 {[%emt 0:00:40]} 27. Rxd7 {[%emt 0:02:49]} Nxd7 {[%emt 0:05:11]} 28. a5 {[%emt 0:02:44]} Nhf8 {[%emt 0:02:38]} 29. b4 {[%emt 0:04:45]} Ne6 {[%emt 0:03:31]} 30. Ne4 {[%emt 0:06:31]} f5 {[%emt 0:01:26]} 31. Nd2 {[%emt 0:00:26]} Be5 {[%emt 0:07:05]} 32. Kb2 {[%emt 0:01:23]} Nd4 {[%emt 0:02:35]} 33. Re1 {[%emt 0:00:34]} Bf6 {[%emt 0:00:14]} 34. Nc4 {[%emt 0:05:51]} Kc7 {[%emt 0:01:20]} 35. Nd2 {[%emt 0:05:12]} a6 {[%emt 0:03:01]} 36. Rh1 {[%emt 0:01:25]} Bd5 {[%emt 0:03:58]} 37. Re1 {[%emt 0:01:25]} g5 {[%emt 0:01:36]} 38. hxg5 {[%emt 0:00:01]} hxg5 {[%emt 0:00:07]} 39. Re8 {[%emt 0:01:16]} g4 {[%emt 0:04:28]} 40. Nf1 {[%emt 0:00:00]} Bg2 {[%emt 0:00:00]} 41. Nd2 {[%emt 0:03:01]} g3 {[%emt 0:10:07]} 42. fxg3 {[%emt 0:01:18]} fxg3 {[%emt 0:00:22]} 43. Rg8 {[%emt 0:05:15]} Bd5 {[%emt 0:02:56]} 44. Rxg3 {[%emt 0:03:03]} Ne2 {[%emt 0:00:07]} 45. Bxf6 {[%emt 0:00:04]} Nxg3 {[%emt 0:00:05]} 46. Bh4 {[%emt 0:02:01]} Ne2 {[%emt 0:01:14]} 47. c4 {[%emt 0:01:38]} Bg2 {[%emt 0:00:05]} 48. Nb3 {[%emt 0:00:34]} f4 {[%emt 0:10:23]} 49. Kc2 {[%emt 0:00:46]} Kd6 {[%emt 0:00:17]} 50. Kd2 {[%emt 0:01:10]} Ng1 {[%emt 0:00:38]} 51. Kc3 {[%emt 0:05:33]} Nf3 {[%emt 0:02:45]} 52. Bf2 {[%emt 0:01:44]} Nfe5 {[%emt 0:01:50]} 53. Bh4 {[%emt 0:03:56]} Bf1 {[%emt 0:02:22]} 54. b5 {[%emt 0:03:05]} cxb5 {[%emt 0:01:01]} 55. cxb5 {[%emt 0:00:02]} axb5 {[%emt 0:02:25]} 56. a6 {[%emt 0:00:13]} Bxd3 {[%emt 0:03:04]} 57. Nd4 {[%emt 0:02:39]} b4+ {[%emt 0:01:05]} 58. Kxb4 {[%emt 0:00:57]} Bxa6 {[%emt 0:00:01]} 59. Kc3 {[%emt 0:01:19]} Kd5 {[%emt 0:00:13]} 60. Nf5 {[%emt 0:01:59]} Nc5 {[%emt 0:00:28]} 61. Ne7+ {[%emt 0:00:47]} Ke6 {[%emt 0:00:45]} 62. Ng8 {[%emt 0:00:28]} Nf3 {[%emt 0:01:18]} 63. Bd8 {[%emt 0:00:32]} Ne4+ {[%emt 0:00:08]} 64. Kb4 {[%emt 0:00:21]} Ne5 {[%emt 0:00:21]} 65. Bh4 {[%emt 0:00:32]} Nf3 {[%emt 0:02:02]} 66. Bd8 {[%emt 0:00:16]} Nd4 {[%emt 0:00:17]} 67. Bh4 {[%emt 0:00:57]} Nf5 {[%emt 0:00:14]} 0-1

[Event "FWCT 2019"]
[Site "Kazan"]
[Date "2019.06.16"]
[Round "13.2"]
[White "Kosteniuk, Alexandra"]
[Black "Muzychuk, Mariya"]
[Result "1-0"]
[WhiteElo "2546"]
[BlackElo "2563"]
[Annotator "ChessBase"]
[PlyCount "83"]
[EventDate "2019.05.11"]
[EventType "tourn"]
[EventCountry "RUS"]
[SourceTitle "playchess.com"]
[Source "ChessBase"]
[SourceQuality "1"]
[TimeControl "40/5400+30:1800+30"]

1. e4 {[%emt 0:00:00]} c5 {[%emt 0:00:00]} 2. Nf3 {[%emt 0:00:00]} Nf6 {[%emt 0:00:00]} 3. e5 {[%emt 0:00:25]} Nd5 {[%emt 0:00:07]} 4. c3 {[%emt 0:00:11]} d6 {[%emt 0:03:02]} 5. Bc4 {[%emt 0:04:02]} e6 {[%emt 0:01:22]} 6. d4 {[%emt 0:00:27]} cxd4 {[%emt 0:00:17]} 7. cxd4 {[%emt 0:00:05]} Nc6 {[%emt 0:00:06]} 8. O-O {[%emt 0:00:21]} Be7 {[%emt 0:00:03]} 9. Qe2 {[%emt 0:00:20]} O-O {[%emt 0:00:18]} 10. Rd1 {[%emt 0:00:13]} Na5 {[%emt 0:08:23]} 11. Bd3 {[%emt 0:01:05]} Nb4 {[%emt 0:13:30]} 12. Nc3 {[%emt 0:00:32]} Nxd3 {[%emt 0:04:32]} 13. Rxd3 {[%emt 0:00:13]} d5 {[%emt 0:01:12]} 14. Ne1 {[%emt 0:04:38]} f5 {[%emt 0:04:09]} 15. exf6 {[%emt 0:08:03]} Bxf6 {[%emt 0:00:11]} 16. Bf4 {[%emt 0:00:50]} Bd7 {[%emt 0:02:21]} 17. Rad1 {[%emt 0:01:23]} Qe7 {[%emt 0:07:04]} 18. Re3 {[%emt 0:13:51]} Qf7 {[%emt 0:01:44]} 19. b3 {[%emt 0:01:30]} Nc6 {[%emt 0:03:15]} 20. Red3 {[%emt 0:11:13]} Ne7 {[%emt 0:05:33]} 21. Bd6 {[%emt 0:03:15]} Rfc8 {[%emt 0:02:00]} 22. Nf3 {[%emt 0:09:23]} Ng6 {[%emt 0:00:41]} 23. Re3 {[%emt 0:01:49]} Rc6 {[%emt 0:07:13]} 24. Bg3 {[%emt 0:09:12]} Rac8 {[%emt 0:00:31]} 25. Qe1 {[%emt 0:02:51]} a6 {[%emt 0:04:15]} 26. Na4 {[%emt 0:01:04]} b6 {[%emt 0:04:18]} 27. h4 {[%emt 0:04:53]} Ne7 {[%emt 0:02:04]} 28. Ne5 {[%emt 0:03:01]} Bxe5 {[%emt 0:00:04]} 29. Bxe5 {[%emt 0:00:04]} Nf5 {[%emt 0:00:13]} 30. Rh3 {[%emt 0:00:30]} Qe7 {[%emt 0:00:44]} 31. Qe2 {[%emt 0:03:05]} Qa3 {[%emt 0:12:51]} 32. Qxa6 {[%emt 0:11:26]} Qxa2 {[%emt 0:01:01]} 33. Qb7 {[%emt 0:01:22]} Qe2 {[%emt 0:00:24]} 34. Qxd7 {[%emt 0:02:47]} Qxd1+ {[%emt 0:05:25]} 35. Kh2 {[%emt 0:00:02]} Qc1 {[%emt 0:03:02]} 36. Rg3 {[%emt 0:00:46]} Qh6 {[%emt 0:00:24]} 37. Rg4 {[%emt 0:00:54]} Rc2 {[%emt 0:00:48]} 38. Nc5 {[%emt 0:00:31]} Ra8 {[%emt 0:04:43]} 39. Nxe6 {[%emt 0:00:17]} Rxf2 {[%emt 0:00:02]} 40. Qxd5 {[%emt 0:00:00]} Ra5 {[%emt 0:00:00]} 41. Qd8+ {[%emt 0:03:22]} Kf7 {[%emt 0:02:15]} 42. Ng5+ {[%emt 0:02:26]} 1-0

[Event "FWCT 2019"]
[Site "Kazan"]
[Date "2019.06.16"]
[Round "13.3"]
[White "Goryachkina, Aleksandra"]
[Black "Dzagnidze, Nana"]
[Result "1/2-1/2"]
[WhiteElo "2522"]
[BlackElo "2510"]
[Annotator "RC"]
[PlyCount "40"]
[EventDate "2019.05.11"]
[EventType "tourn"]
[EventCountry "RUS"]
[SourceTitle "playchess.com"]
[Source "ChessBase"]
[SourceQuality "1"]
[TimeControl "40/5400+30:1800+30"]

1. d4 {[%emt 0:00:00]} Nf6 {[%emt 0:00:00]} 2. c4 {[%emt 0:00:00]} e6 {[%emt 0:00:00]} 3. g3 {[%emt 0:00:08]} c5 {[%emt 0:00:16]} 4. d5 {[%emt 0:00:09]} exd5 {[%emt 0:00:05]} 5. cxd5 {[%emt 0:00:03]} g6 {[%emt 0:00:04]} 6. Nc3 {[%emt 0:00:58]} Bg7 {[%emt 0:00:11]} 7. Bg2 {[%emt 0:01:09]} d6 {[%emt 0:00:43]} 8. Nf3 {[%emt 0:00:10]} O-O {[%emt 0:00:06]} 9. O-O {[%emt 0:00:06]} Re8 {[%emt 0:00:09]} 10. Bf4 {[%emt 0:01:38]} Bf5 {[%emt 0:00:06]} 11. Nh4 {[%emt 0:05:01]} Bg4 {[%emt 0:00:19]} 12. h3 {[%emt 0:01:22]} Nh5 {[%emt 0:00:14]} 13. hxg4 {[%emt 0:02:04]} Nxf4 {[%emt 0:00:06]} 14. gxf4 {[%emt 0:00:16]} Bxc3 {[%emt 0:04:00]} 15. bxc3 {[%emt 0:02:39]} Qxh4 {[%emt 0:00:06]} 16. e3 {[%emt 0:01:25]} Nd7 {[%emt 0:07:10]} 17. Bf3 {[%emt 0:02:32]} Qh3 {[%emt 0:02:39]} 18. Bg2 {[%emt 0:01:39]} Qh4 {[%emt 0:00:26]} 19. Bf3 {[%emt 0:00:17]} Qh3 {[%emt 0:00:23]} 20. Bg2 {[%emt 0:00:11]} Qh4 {[%emt 0:00:25]} 1/2-1/2

[Event "FWCT 2019"]
[Site "Kazan"]
[Date "2019.06.16"]
[Round "13.4"]
[White "Lagno, Kateryna"]
[Black "Tan, Zhongyi"]
[Result "1/2-1/2"]
[WhiteElo "2554"]
[BlackElo "2513"]
[Annotator "ChessBase"]
[PlyCount "98"]
[EventDate "2019.05.11"]
[EventType "tourn"]
[EventCountry "RUS"]
[SourceTitle "playchess.com"]
[Source "ChessBase"]
[SourceQuality "1"]
[TimeControl "40/5400+30:1800+30"]

1. e4 {[%emt 0:00:00]} e5 {[%emt 0:00:00]} 2. Nf3 {[%emt 0:00:00]} Nc6 {[%emt 0:00:00]} 3. Bb5 {[%emt 0:00:00]} Nf6 {[%emt 0:00:00]} 4. O-O {[%emt 0:00:16]} Nxe4 {[%emt 0:00:00]} 5. Re1 {[%emt 0:00:11]} Nd6 {[%emt 0:00:02]} 6. Nxe5 {[%emt 0:00:09]} Be7 {[%emt 0:00:04]} 7. Bf1 {[%emt 0:00:10]} Nxe5 {[%emt 0:00:04]} 8. Rxe5 {[%emt 0:00:05]} O-O {[%emt 0:00:06]} 9. d4 {[%emt 0:00:15]} Bf6 {[%emt 0:00:04]} 10. Re1 {[%emt 0:00:09]} Re8 {[%emt 0:00:06]} 11. c3 {[%emt 0:00:11]} Rxe1 {[%emt 0:02:12]} 12. Qxe1 {[%emt 0:00:12]} Ne8 {[%emt 0:02:05]} 13. d5 {[%emt 0:00:21]} d6 {[%emt 0:06:49]} 14. Na3 {[%emt 0:00:34]} c6 {[%emt 0:03:20]} 15. Qd1 {[%emt 0:13:40]} Nc7 {[%emt 0:01:11]} 16. c4 {[%emt 0:19:42]} Bf5 {[%emt 0:03:00]} 17. dxc6 {[%emt 0:13:16]} bxc6 {[%emt 0:00:50]} 18. Nc2 {[%emt 0:00:02]} Ne6 {[%emt 0:02:10]} 19. Ne3 {[%emt 0:05:06]} Bg6 {[%emt 0:00:21]} 20. Bd3 {[%emt 0:01:29]} Rb8 {[%emt 0:00:37]} 21. Bxg6 {[%emt 0:03:42]} hxg6 {[%emt 0:00:41]} 22. Rb1 {[%emt 0:00:03]} Be5 {[%emt 0:06:13]} 23. b4 {[%emt 0:04:59]} Qh4 {[%emt 0:01:09]} 24. Ng4 {[%emt 0:08:08]} Bd4 {[%emt 0:03:10]} 25. h3 {[%emt 0:17:57]} f5 {[%emt 0:04:53]} 26. Qe2 {[%emt 0:00:07]} Re8 {[%emt 0:03:37]} 27. Nh2 {[%emt 0:00:06]} Nf8 {[%emt 0:10:04]} 28. Qf1 {[%emt 0:04:55]} Qe4 {[%emt 0:00:39]} 29. Rb3 {[%emt 0:03:47]} Qc2 {[%emt 0:00:28]} 30. Be3 {[%emt 0:02:20]} Qxa2 {[%emt 0:02:02]} 31. Qd1 {[%emt 0:00:21]} Bxe3 {[%emt 0:04:06]} 32. Rxe3 {[%emt 0:00:04]} Rxe3 {[%emt 0:00:12]} 33. fxe3 {[%emt 0:00:02]} Qxc4 {[%emt 0:02:43]} 34. Qxd6 {[%emt 0:00:04]} Qd5 {[%emt 0:00:44]} 35. Qb8 {[%emt 0:00:34]} Qb3 {[%emt 0:04:24]} 36. Qxa7 {[%emt 0:00:29]} Qxb4 {[%emt 0:00:05]} 37. Qa2+ {[%emt 0:01:08]} Kh8 {[%emt 0:00:05]} 38. Qf7 {[%emt 0:01:16]} Qb1+ {[%emt 0:02:40]} 39. Nf1 {[%emt 0:00:26]} Qb8 {[%emt 0:00:15]} 40. Nd2 {[%emt 0:00:00]} Qd8 {[%emt 0:00:00]} 41. Nf3 {[%emt 0:03:26]} Qf6 {[%emt 0:11:01]} 42. Qc7 {[%emt 0:00:59]} Qe6 {[%emt 0:02:17]} 43. Ne5 {[%emt 0:06:53]} Kh7 {[%emt 0:00:30]} 44. Kh2 {[%emt 0:03:59]} g5 {[%emt 0:01:44]} 45. Nxc6 {[%emt 0:01:16]} Qxe3 {[%emt 0:00:16]} 46. Qe5 {[%emt 0:03:55]} Qd3 {[%emt 0:01:20]} 47. Ne7 {[%emt 0:01:03]} Ng6 {[%emt 0:00:26]} 48. Nxg6 {[%emt 0:00:12]} Kxg6 {[%emt 0:00:11]} 49. Qe8+ {[%emt 0:00:05]} Kh6 {[%emt 0:01:34]} 1/2-1/2

[Event "FWCT 2019"]
[Site "Kazan"]
[Date "2019.06.17"]
[Round "14.1"]
[White "Muzychuk, Anna"]
[Black "Kosteniuk, Alexandra"]
[Result "1/2-1/2"]
[WhiteElo "2539"]
[BlackElo "2546"]
[Annotator "TA"]
[PlyCount "49"]
[EventDate "2019.05.11"]
[EventType "tourn"]
[EventCountry "RUS"]
[SourceTitle "playchess.com"]
[Source "ChessBase"]
[SourceQuality "1"]

{[%evp 15,49,-2,0,-3,16,6,24,9,11,11,11,11,4,5,5,5,12,12,7,0,0,0,6,0,0,0,0,0,0,0,0,0,0,0,0,0]} 1. e4 e5 2. Nf3 Nc6 3. Nc3 Nf6 4. d4 exd4 5. Nxd4 Bb4 6. Nxc6 bxc6 7. Bd3 O-O ({Predecessor:} 7... d5 8. exd5 O-O {½-½ (48) Nguyen,T (2546)-Horvath,D (2429) Pardubice 2018}) 8. O-O d5 9. exd5 {C47: Scotch Four Knights and Four Knights with 4 g3} Bg4 $146 (9... cxd5 10. Bg5 c6 11. Qf3 Bd6 12. Rae1 Rb8 13. Nd1 h6 14. Bxf6 Qxf6 15. Qxf6 gxf6 16. b3 Kg7 17. Ne3 Re8 18. Nf5+ Bxf5 19. Bxf5 Re5 20. Bd7 Rb6 21. g3 {½-½ (43) Rapport,R (2726)-Ding,L (2809) Shenzhen 2019}) 10. f3 Bh5 $1 11. g4 {White has an edge.} Bg6 {The position is equal.} 12. Bxg6 hxg6 13. dxc6 Bxc3 14. Qxd8 Rfxd8 15. bxc3 Rd6 16. g5 Ne8 17. a4 Rxc6 18. Ra3 Rd8 19. Kf2 Nd6 20. Bf4 Rc4 21. Be5 Rc5 22. Bf4 Rc4 23. Be5 Rc5 24. Bf4 Rc4 25. Be5 {Accuracy: White = 80%, Black = 89%.} 1/2-1/2